Who Sang each Song Quiz 1966-1986 - Statistics

General Stats
  • This quiz has been taken 45 times
  • The average score is 12 of 15
Answer Stats
Hint Answer % Correct
Thriller Michael Jackson
98%
Stayin Alive Bee Gees
95%
Bohemian Rhapsody Queen
93%
Hey Jude The Beetles
93%
Hotel California Eagles
90%
Take on Me A-ha
88%
The Winner Takes it All Abba
80%
California Dreamin The Mamas and the Papas
80%
American Pie Don McLean
78%
The Final Countdown Europe
78%
Stairway to Heaven Led Zeppelin
78%
Sweet Caroline Neil Diamond
78%
Sweet Home Alabama Lynyrd Skynyrd
75%
I will Survive Gloria Gaynor
73%
More than a Feeling Boston
60%
No matching quizzes found
Score Distribution
Percent of People with Each Score
Percentile by Number Answered
Your Score History
You have not taken this quiz